Estado sin ciudadanos. (Registro nro. 454)

Detalles MARC
000 -LEADER
fixed length control field 01172 am a2200277 a 4500
005 - FECHA ULTIMA MODIFICACION
control field 20240223091135.0
008 - CAMPO DE CONTROL (LIBRO)
fixed length control field 100630s1997||||ag # f |||| 001 0 spa d
020 ## - INTERNATIONAL STANDARD BOOK NUMBER
ISBN 9508920416
041 ## - CODIGO DE IDIOMA
Código de idioma del texto/pista de sonido o título separado spa
092 ## - SIGNATURA TOPOGRAFICA DEWEY LOCAL
número de clasificación 362
libristica 25
sección FLE
100 1# - ENTRADA PRINCIPAL--NOMBRE PERSONAL
Nombre personal Fleury, Sonia.
9 (RLIN) 1116
245 ## - TITULO PROPIAMENTE DICHO
Título Estado sin ciudadanos.
Subtítulo y Título paralelo Seguridad social en América Latina /
Mención de responsabilidad y remanente de la transcripción de la portada Sonia Fleury.
250 ## - MENCION DE EDICION
Mención de edición 1a ed.
Mención de responsabilidad relacionada con la ed. Prólogo Susana Belmartino
260 ## - PIE DE IMPRENTA
Lugar de publicación, distribución, etc Buenos Aires:
Nombre de la editorial, distribuidor, etc Lugar Editorial;
Fecha de publicación 1997.
300 ## - DESCRIPCION FISICA
Extension 331 p.
500 ## - NOTA GENERAL
Nota general Fleury, S. (1997). Estado sin ciudadanos. Seguridad social en América Latina. (1a ed.). Buenos Aires : Lugar Editorial.
590 ## - NOTAS LOCALES (RLIN)
Nota local Donación Editorial Lugar, Nov. 2005
653 ## - TÉRMINO INDIZADO - PALABRAS CLAVES
Palabra clave Naturaleza del estado capitalista y de las políticas públicas
653 ## - TÉRMINO INDIZADO - PALABRAS CLAVES
Palabra clave Modalidades de transición y patrones de incorporación de demandas sociales
653 ## - TÉRMINO INDIZADO - PALABRAS CLAVES
Palabra clave Pensar la cuestión social en America Latina
653 ## - TÉRMINO INDIZADO - PALABRAS CLAVES
Palabra clave Legado de seguridad
653 ## - TÉRMINO INDIZADO - PALABRAS CLAVES
Palabra clave Implementación del patrón de seguridad social en América latina: cooptación y regulación
653 ## - TÉRMINO INDIZADO - PALABRAS CLAVES
Palabra clave Reformas y contrarreformas: la dificil reformulación estado/sociedad
930 ## - NUMERO DE INVENTARIO
Número de inventario 1363
942 ## - ADDED ENTRY ELEMENTS (KOHA)
Source of classification or shelving scheme Dewey Decimal Classification
Item type Libros
Existencias
Estado de retiro Existencia Estado general No para prestamo Ubicación permanente ubicación actual Sala de ubicación Fecha de adquisición Total Checkouts Número de clasificación Código de barras Date last seen Número de ejemplar Price effective from Koha tipo de elemento (item)
        Biblioteca Medicina Biblioteca Medicina Circulación 13/05/2011   362 25 FLE 1363 06/11/2014 ej.1 13/05/2011 Libros

UNIVERSIDAD NACIONAL DEL COMAHUE
Biblioteca de la Facultad de Ciencias Médicas
Sede Toschi: Los Arrayanes y Av. Toschi, Cipolletti  - Rio Negro
Sede Los Tordos:  Yrigoyen al 2211, Cipolletti - Rio Negro 

Teléfono: 0299 - 4774707 int 25
Contacto: biblioteca@facimed.uncoma.edu.ar
© 2011 - 2026